| 000 | 01790nam0a22003971 4500 | ||
|---|---|---|---|
| 001 | RU\NLR\A1\11124 | ||
| 005 | 20251203152403.2 | ||
| 035 | _a(NLR Aleph) 009673911 | ||
| 090 |
_a9674242 _c9674242 |
||
| 100 | _a19981128d1783 u y0rusy50 ca | ||
| 101 | 2 |
_arus _aita _ager _cita |
|
| 102 | _aRU | ||
| 200 | 1 |
_aСтрасти Иисуса Христа. _fДуховное сочинение господина Метастазия. _gМузыка сочинения господина капелмейстера Паисиелло. |
|
| 210 |
_aPietroburgo _cDella stamperia di Breitkopf _d1783 |
||
| 215 |
_a43 c. _d8° |
||
| 303 | _aДва тит. л. - один на ит. яз, другой на рус. и нем. яз. Вых. дан. только на ит. яз. | ||
| 303 | _aТекст парал. на ит., рус. и нем. яз. | ||
| 321 | 1 | _aСК XVIII 4201 | |
| 620 | _dСанкт-Петербург | ||
| 700 | 1 |
_6z01700 _6z02790 _aМетастазио _bП.А.Д. _f1698-1782 _gПьетро Антонио Доменико _4070 |
|
| 700 | 1 |
_6z01700 _aMetastasio _bP.A.D. _gPietro Antonio Domenico _7ba |
|
| 702 | 1 |
_6z03702 _6z04790 _aПаизиелло _bД. _f1740-1816 _gДжованни _4230 |
|
| 702 | 1 |
_6z03702 _aPaisiello _bG. _gGiovanni |
|
| 702 | 1 |
_4610 _7ca _8rus _aБрейткопф _bФ. И. _f1749-1820 _gФедор Иванович _9183064 _3RU\NLR\AUTH\770183115 |
|
| 712 | 0 | 0 |
_aБрейткопф _cСанкт-Петербург _gФ.И. _hТипография _4610 |
| 790 | 1 |
_6z02700 _aМетастазий |
|
| 790 | 1 |
_6z04702 _aПаисиелло |
|
| 790 | 1 |
_6z05702 _aBreitkopf _7ba |
|
| 801 | 0 |
_aRU _bNLR _c19981128 |
|
| 852 |
_aNLR _j18.171.2.213 |
||
| 899 | _aБАН | ||
| 899 | _aГПИБ | ||
| 942 | _cBOOK | ||
| 980 | _aNB | ||
| 980 | _aA1XVIIIv | ||